[Event "Hannover Region-ch"]
[Site "Hannover"]
[Date "2016.01.30"]
[Round "2"]
[White "Kleinschroth, Roland"]
[Black "Dannenberg, Heiner"]
[Result "1-0"]
[WhiteElo "2140"]
[BlackElo "1802"]
[PlyCount "75"]
[EventDate "2016.01.16"]
[EventType "swiss"]
[EventRounds "7"]
[EventCountry "GER"]
[SourceTitle "EXT 2020"]
[Source "ChessBase"]
[SourceDate "2019.10.17"]
[SourceVersion "1"]
[SourceVersionDate "2019.10.17"]
[SourceQuality "1"]

1. b3 Nf6 2. Bb2 d6 3. d4 g6 4. Nf3 Bg7 5. g3 0-0 6. Bg2 c6 7. 0-0 Bg4 8. h3 Bxf3 9. exf3 Qc7 10. f4 Re8 11. Re1 Nbd7 12. c4 Rad8 13. Nc3 Nf8 14. Qc2 N6d7 15. Rad1 Ne6 16. Ne2 Rc8 17. Kh2 a5 18. f5 Nef8 19. Nf4 Nf6 20. Bf3 Qd7 21. fxg6 hxg6 22. Kg2 N8h7 23. Kh2 g5 24. Nh5 Nxh5 25. Bxh5 Nf6 26. Bf3 g4 27. hxg4 Nxg4+ 28. Kg2 Nf6 29. Rh1 e6 30. Rh4 Kf8 31. Qd2 Ke7 32. d5 e5 33. Qg5 Rg8 34. dxc6 Rxc6 35. Bxe5 Rc5 36. Bxf6+ Bxf6 37. Re4+ Kf8 38. Qxc5 1-0